Trần Văn Giàu tuyển tập
Nội dung cuốn sách tập hợp các bài viết của giáo sư về vấn đề lịch sử, triết học, văn hóa, giai cấp công nhân Việt Nam ... và các bài tiểu luận viết về tư tưởng Chủ tịch Hồ Chí Minh.
Saved in:
| Main Author: | |
|---|---|
| Format: | Book |
| Language: | Vietnamese |
| Published: |
Hà Nội
Giáo Dục
2001
|
| Edition: | Tái bản lần thứ nhất |
| Subjects: | |
| Tags: |
Add Tag
No Tags, Be the first to tag this record!
|
| Institutions: | Trung tâm Học liệu Lê Vũ Hùng, Trường Đại học Đồng Tháp |
|---|
| LEADER | 01114aam a22002658a 4500 | ||
|---|---|---|---|
| 001 | 00031022 | ||
| 005 | 20171026081025.0 | ||
| 008 | 130830s2001 ||||||viesd | ||
| 020 | |c 156000 | ||
| 041 | 0 | # | |a vie |
| 082 | 1 | 4 | |a 895.922 8 |b TR121V |
| 100 | 1 | # | |a Trần, Văn Giàu |
| 245 | 1 | 0 | |a Trần Văn Giàu tuyển tập |c Trần Văn Giàu |
| 250 | # | # | |a Tái bản lần thứ nhất |
| 260 | # | # | |a Hà Nội |b Giáo Dục |c 2001 |
| 300 | # | # | |a 1295 tr |c 24 cm. |
| 520 | # | # | |a Nội dung cuốn sách tập hợp các bài viết của giáo sư về vấn đề lịch sử, triết học, văn hóa, giai cấp công nhân Việt Nam ... và các bài tiểu luận viết về tư tưởng Chủ tịch Hồ Chí Minh. |
| 600 | 1 | 4 | |a Trần, Văn Giàu |
| 653 | # | # | |a Chân dung văn học |
| 653 | # | # | |a Tác phẩm |
| 653 | # | # | |a Văn học Việt Nam |
| 852 | # | # | |b Kho đọc |j KD.0014866 |
| 852 | # | # | |j KD.0014866 |
| 910 | |d 8/2013 | ||
| 980 | # | # | |a Trung tâm Học liệu Lê Vũ Hùng, Trường Đại học Đồng Tháp |